000 00791cam a2200169 4500
001 WB3712-15
008 000000n2001 000 0 eng u
035 _a(Sirsi) u111601
245 _aDispute resolution faculty up and running
260 _c2001
490 _aRICS Press Release
_v(pr039) 13 March 2001, (2)
520 _aThe RICS Dispute Resolution Faculty is now fully established and will seek to promote the specialist skills of chartered surveyors in understanding how disputes arise and how they may be avoided and resolved. It will also provide support and develop products and services to those involved in dispute resolution, including the 13,000 faculty members.
590 _aWB
650 _aRICS FACULTIES AND FORUMS
690 _aDispute resolution
_96236
942 _n0
999 _c66494
_d66494